Lebanon A-Z Quiz - Statistics

General Stats
  • This quiz has been taken 93 times
  • The average score is 12 of 26
Answer Stats
Letter Hint Answer % Correct
F Country who colonised Lebanon before independance France
88%
H Armed militia based in Lebanon Hezbollah
85%
A Biggest University in Lebanon American University of Beirut
81%
D Religious minority in the mountains Druze
81%
B One of the oldest inhabited cities in the world Byblos
76%
I Sworn enemy of that militia Israel
75%
M Majority of Christians in Lebanon Maronites
74%
T Second biggest city in the country Tripoli
62%
L Pope who visited Lebanon in 2025 Leo XIV
57%
J City off the coast of Lebanon Jounieh
54%
R Airport of Lebanon Rafic El Hariri International
50%
N Current Lebanese Prime Minister Nawaf Salam
47%
Z Big city in the Beqaa Valley Zahle
46%
G Most famous Lebanese author Gebran Khalil Gebran
43%
O Well known terrorist who completed high school in Lebanon Ossama Ben Laden
43%
C Second president of the Lebanese Republic Camille Chamoun
26%
E 11th President Emile Lahoud
26%
P Another militia involved in the Lebanese civil war PLO
26%
U Big University Université Saint Joseph
25%
Q Southern town where Jesus performed his first miracle Qana'a
21%
V Miss Lebanon 2015 Valerie Abou Chacra
16%
K Another coastal city close to the previous Kaslik
13%
X Sadly relevant in discussions about refugees in Lebanon Xenophobia
12%
W Late Lebanese singer and musician Wadih el Safi
10%
S Plaza in Beirut who saw a car bombing in 2012 Sassine Square
9%
Y Contreversial figure in Lebanon due to annexation threats Yasser Arafat
6%
No matching quizzes found
Score Distribution
Percent of People with Each Score
Percentile by Number Answered
Your Score History
You have not taken this quiz